| 000 | 00963nas a2200289 4500 | ||
|---|---|---|---|
| 001 | BR0701234 | ||
| 003 | BR-BrBNA | ||
| 005 | 20231205110628.0 | ||
| 007 | ta | ||
| 008 | 230509b bl.|||p| |||| 00| 00por d | ||
| 040 |
_aBR-BrBNA _bpor _cBiblioteca Nacional de Agricultura |
||
| 041 | _a(Pt) | ||
| 072 | _aQ04 | ||
| 100 | 1 | _aHelfer, G.A. | |
| 100 | 1 | _aFerrão, M.F. | |
| 100 | 1 | _aFerreira, C. de V. | |
| 100 | 1 | _aHermes, N. | |
| 245 | 1 | _aAplicação de métodos de análise multivariada no controle qualitativo de essências alimentícias empregando espectroscopia no infravermelho médio | |
| 650 | _aPLANTA AROMÁTICA | ||
| 650 | _aEXTRATO DE FRUTA | ||
| 650 | _aCONTROLE DE QUALIDADE | ||
| 650 | _aRAIO INFRAVERMELHO | ||
| 650 | _aANÁLISE QUÍMICA | ||
| 773 | 0 |
_tCiência e Tecnologia de Alimentos (Brazil) _xISSN 0101-2061 _g(Oct-Dec 2006), v. 26(4) p. 779-786 _wBR0701234 |
|
| 909 |
_a202311 _bLúcia _c55 _dLúcia Elande |
||
| 942 |
_2AGRIS _n0 _cANA |
||
| 999 |
_c188260 _d188260 |
||